<?xml version='1.0' encoding='UTF-8'?>
  <record xmlns="http://www.loc.gov/MARC21/slim">
    <leader>00000nem a2200000 i 4500</leader>
    <controlfield tag="001">ocn980374202</controlfield>
    <controlfield tag="003">OCoLC</controlfield>
    <controlfield tag="005">20250506005455.2</controlfield>
    <controlfield tag="008">030903s1724    ne        a     0   dut d</controlfield>
    <datafield tag="040" ind1=" " ind2=" ">
      <subfield code="a">QGJ</subfield>
      <subfield code="b">dut</subfield>
      <subfield code="c">QGJ</subfield>
      <subfield code="d">OCLCL</subfield>
      <subfield code="d">OCLCQ</subfield>
    </datafield>
    <datafield tag="035" ind1=" " ind2=" ">
      <subfield code="a">(OCoLC)980374202</subfield>
    </datafield>
    <datafield tag="084" ind1=" " ind2=" ">
      <subfield code="a">74.20</subfield>
      <subfield code="2">bcl</subfield>
    </datafield>
    <datafield tag="245" ind1="0" ind2="0">
      <subfield code="a">Kaerte van Suyt-Hollants grootste deel, vervatende geheel Rynlandt ende Suytkennemerlandt, mitsgaders een gedeelte van Delflandt, Amstellandt ende het Sticht van Uytrecht, vertoonende alle de Steeden, Dorpen, Casteelen, weegen, uytwateringen ende Sluysen, waar inmede te sien is hoe eertyts de Haerlemmermeer ende de Leytsemeer van een gescheyden waren,ende geen gemeenschap en hebben gehat met de Spieringmeer, oock hoe men met de Wagen konde ryden van Haerlem door Vyfhuysen ende Nieuwerkerck na Amsterdam en Uytrecht, mede van Hillegom over de Vennep (alwaer men aen t'Veer met een Schouwe wierde overgeset) ende ryden konde door Aelsmeer, Ryck ende Slooten naer Amsterdam, als mede op Uytrecht, ende was doen ter tyt het vastelandt van den Ruygenhoeck sich streckende tot aen t'voornoemde Veer, gelyck sulx in dese kaerte is afgebeelt, welcke kaerte by Pieter Bruynsen (in syn leeven gesworen Landtmeeter van Ryn ende Kennemerlandt woonachtich tot Haerlem) is gekopieert in den Jare 1591, na sekere kaerte gedateert int Jaer ons Heeren 1531, ende is nae de voorsz. Copye in Druck uytgegegeven door Claes Jansz. Visscher.</subfield>
    </datafield>
    <datafield tag="250" ind1=" " ind2=" ">
      <subfield code="a">En nu wederom op ordre van de Heeren Burgemeesteren van Leiden op nieuws gedrukt door Pieter vander Aa, in 't Jaer 1724.</subfield>
    </datafield>
    <datafield tag="255" ind1=" " ind2=" ">
      <subfield code="a">Schaal [ca. 1:100.000].</subfield>
    </datafield>
    <datafield tag="264" ind1=" " ind2="1">
      <subfield code="a">Leiden :</subfield>
      <subfield code="b">Pieter van der Aa,</subfield>
      <subfield code="c">1724.</subfield>
    </datafield>
    <datafield tag="300" ind1=" " ind2=" ">
      <subfield code="a">1 krt. :</subfield>
      <subfield code="b">kopergrav. ;</subfield>
      <subfield code="c">48 x 58 cm</subfield>
    </datafield>
    <datafield tag="336" ind1=" " ind2=" ">
      <subfield code="a">cartografische afbeelding</subfield>
      <subfield code="b">cri</subfield>
      <subfield code="2">rdacontent/dut</subfield>
    </datafield>
    <datafield tag="337" ind1=" " ind2=" ">
      <subfield code="a">zonder medium</subfield>
      <subfield code="b">n</subfield>
      <subfield code="2">rdamedia/dut</subfield>
    </datafield>
    <datafield tag="338" ind1=" " ind2=" ">
      <subfield code="a">vel</subfield>
      <subfield code="b">nb</subfield>
      <subfield code="2">rdacarrier/dut</subfield>
    </datafield>
    <datafield tag="500" ind1=" " ind2=" ">
      <subfield code="a">Linksonder: C.J. Visscher excudit A° 1644.</subfield>
    </datafield>
    <datafield tag="500" ind1=" " ind2=" ">
      <subfield code="a">Het noorden rechts.</subfield>
    </datafield>
    <datafield tag="500" ind1=" " ind2=" ">
      <subfield code="a">Met 3 schaalstokken.</subfield>
    </datafield>
    <datafield tag="651" ind1=" " ind2="7">
      <subfield code="a">Zuid-Holland.</subfield>
      <subfield code="0">(NL-LeOCL)078969646.</subfield>
      <subfield code="2">gtt</subfield>
    </datafield>
    <datafield tag="655" ind1=" " ind2="7">
      <subfield code="a">Kaarten (vorm)</subfield>
      <subfield code="0">(NL-LeOCL)088143554.</subfield>
      <subfield code="2">gtt</subfield>
    </datafield>
    <datafield tag="700" ind1="1" ind2=" ">
      <subfield code="a">Bruynsen, Pieter.</subfield>
    </datafield>
    <datafield tag="700" ind1="1" ind2=" ">
      <subfield code="a">Visscher, Claes Jansz.,</subfield>
      <subfield code="d">1586-1652.</subfield>
    </datafield>
    <datafield tag="758" ind1=" " ind2=" ">
      <subfield code="a">Kaerte van Suyt-Hollants grootste deel, vervatende geheel Rynlandt ende Suytkennemerlandt, mitsgaders een gedeelte van Delflandt, Amstellandt ende het Sticht van Uytrecht, vertoonende alle de Steeden, Dorpen, Casteelen, weegen, uytwateringen ende Sluysen, waar inmede te sien is hoe eertyts de Haerlemmermeer ende de Leytsemeer van een gescheyden waren,ende geen gemeenschap en hebben gehat met de Spieringmeer, oock hoe men met de Wagen konde ryden van Haerlem door Vyfhuysen ende Nieuwerkerck na Amsterdam en Uytrecht, mede van Hillegom over de Vennep (alwaer men aen t'Veer met een Schouwe wierde overgeset) ende ryden konde door Aelsmeer, Ryck ende Slooten naer Amsterdam, als mede op Uytrecht, ende was doen ter tyt het vastelandt van den Ruygenhoeck sich streckende tot aen t'voornoemde Veer, gelyck sulx in dese kaerte is afgebeelt, welcke kaerte by Pieter Bruynsen (in syn leeven gesworen Landtmeeter van Ryn ende Kennemerlandt woonachtich tot Haerlem) is gekopieert in den Jare 1591, na sekere kaerte gedateert int Jaer ons Heeren 1531, ende is nae de voorsz. Copye in Druck uytgegegeven door Claes Jansz. Visscher (CartographicMaterial)</subfield>
      <subfield code="1">https://id.oclc.org/worldcat/entity/E39PCXFmGvDqTyR6kK9b33mXRq</subfield>
      <subfield code="4">https://id.oclc.org/worldcat/ontology/hasWork</subfield>
    </datafield>
    <datafield tag="856" ind1="4" ind2="1">
      <subfield code="u">http://objects.library.uu.nl/reader/resolver.php?obj=002098758&amp;type=2</subfield>
      <subfield code="x">Online</subfield>
      <subfield code="z">Full Text</subfield>
    </datafield>
    <datafield tag="936" ind1=" " ind2=" ">
      <subfield code="a">BATCHLOAD</subfield>
    </datafield>
  </record>